Statistics for Guess the 1970s song lyrics #240

Click here to take the quiz!

General Stats

  • This quiz has been taken 15 times
  • The average score is 134 of 184

Answer Stats

Answer% Correct
I
100%
The
100%
the
100%
he
93%
me
93%
They
93%
they
93%
And
87%
are
87%
be
87%
my
87%
By
80%
for
80%
head
80%
keep
80%
not
80%
on
80%
So
80%
that
80%
Those
80%
to
80%
But
73%
drop
73%
drops
73%
fallin
73%
just
73%
know
73%
Nothin
73%
rain
73%
Rain
73%
thing
73%
Will
73%
Because
67%
did
67%
doesn't
67%
done
67%
eyes
67%
got
67%
greet
67%
happiness
67%
his
67%
I'm
67%
It
67%
like
67%
never
67%
Nothing's
67%
said
67%
some
67%
sun
67%
there's
67%
up
67%
won't
67%
Won't
67%
complainin
60%
didn't
60%
gonna
60%
long
60%
meet
60%
one
60%
red
60%
soon
60%
stop
60%
talkin
60%
things
60%
too
60%
turnin
60%
way
60%
whose
60%
worryin
60%
bed
53%
big
53%
Cause
53%
Crying's
53%
defeat
53%
feet
53%
fit
53%
free
53%
guy
53%
mean
53%
seems
53%
send
53%
Steps
53%
til
53%
blues
47%
job
47%
Sleepin
47%
Cryin's
40%

Score Distribution

Percentile by Number Answered

Percent of People with Each Score

Your Score History

You have not taken this quiz